Statistics for Ariana Grande - NASA (lyrics)

Click here to take the quiz!

General Stats

  • This quiz has been taken 412 times
  • The average score is 227 of 297

Answer Stats

Answer% Correct
I
99%
"I
99%
A
97%
You,
97%
You"
97%
You
97%
I'm
94%
NASA
94%
The
94%
Be
93%
Need
92%
Space
92%
Space,
92%
To
92%
Love
88%
Know
86%
Phone
86%
Star;
86%
Tonight,
86%
Tonight
86%
And
85%
Can
85%
On
85%
Say
84%
When
83%
Alone
82%
In
82%
World,
82%
Your
82%
It
80%
Me,
80%
Me
80%
Baby
79%
Baby,
79%
I'd
79%
Is
79%
Rather
79%
Through
79%
Don't
77%
Kiss
77%
Really
77%
Universe
77%
With
77%
Give
76%
Miss
76%
Wanna
76%
For
75%
I'ma,
75%
I'ma
75%
You'll
75%
Arms
74%
Like
74%
My
74%
One
74%
Whole
74%
Can't
73%
Just
73%
Woman
73%
It's
72%
Stay
72%
Step
72%
Way
72%
Night
71%
Time
71%
Yeah,
70%
Change
69%
If
69%
I'll
69%
Small
68%
Beneficial
67%
Giant
67%
But
65%
Usually
64%
Warm
64%
No
63%
Covers
62%
Get
62%
Sayin',
62%
Home
61%
Leap
61%
Think
60%
Use
60%
Woman-kind
60%
Apart
59%
All
58%
Better
58%
It'll
58%
Gravity
57%
Own
57%
Shine
57%
Off
56%
Rise
56%
This
56%
Would
56%
Orbit
55%
Under
55%
Ain't
54%
Wrong
54%
Leave
53%
Nothing
53%
Here
52%
Stars
52%
Keep
51%
Tryna
51%
As
50%
Pulling
50%
That's
50%
There
50%
Thing
50%
Even
49%
Only
49%
Page
49%
Checkin'
48%
Seems
48%
Align,
47%
Another
47%
Saying
47%
Soon
47%
Drag
46%
Good
46%
Self-discover
46%
Sure
46%
Though
46%
Isn't
44%
Makin'
44%
Mm
44%
Around
40%
Line
39%
Them
39%
Bottom
36%

Score Distribution

Percentile by Number Answered

Percent of People with Each Score

Your Score History

You have not taken this quiz